000 00788nam a2200241 i 4500
001 12569
003 ES-MaACL
005 20230906150340.0
007 t|
008 950308s1994 sp d |||| | spa j
020 _a84-249-1659-X
080 _a806.0-3
100 1 _aVarela, Fernando.
_9113133
245 1 0 _aDiccionario fraseológico del español moderno /
_cFernando Varela, Hugo Kubarth.
260 _aMadrid :
_bGredos,
_cD.L. 1994.
300 _aXIV, 294 p. ;
_c25 cm.
490 1 _aBiblioteca románica hispánica. V. Diccionarios ;
_v15
650 1 4 _aLengua española-
_xConversación y frases.
_914133
700 1 _aKubarth, Hugo.
_968936
830 0 _aBiblioteca románica hispánica. V. Diccionarios ;
_v15
_9179266
852 _aES-MaACL
_jL-19838
999 _c12569
_d12569